000 01046cam a22003137a 4500
003 CHAP
005 20220329133329.0
008 971013s1991 r 00010 d
010 _a5007
011 _a5979
035 _a5195
040 _cCHAP
090 _aFolleto 13833
110 _aBanco Internacional de Reconstrucción y Fomento
_99848
245 0 _aAgricultural biotechnology
_b: the net Green revolution?
260 _aWashington, D.C. :
_bThe World Bank,
_c1991
300 _a51 p.
590 _aBATCH-UPD
_b10
_c20130110
_lUCH01
_h1957
590 _aBATCH-UPD
_b10
_c20130410
_lUCH01
_h1317
590 _aBATCH-UPD
_b10
_c20130914
_lUCH01
_h0639
590 _aBATCH-UPD
_b10
_c20130914
_lUCH01
_h2133
590 _aCONVERSION
_b10
_c20130109
_lUCH01
_h1304
650 1 4 _aAgricultura
_xInnovaciones tecnológicas.
_91565
650 1 4 _aBiotecnología.
_912878
710 0 _aBanco Internacional de Reconstrucción y Fomento.
_99848
901 _aBK
942 _cFOLL
949 _aFolleto 13833
_bBC
_cFOLL
_d-14763
_eTS1
_gI. c/e
_i5195
_si
_t34.50
999 _c5007
_d5007